Las reformas fiscales tributarias, una breve mirada de su repercusión sobre las mujeres /
محفوظ في:
| المؤلف الرئيسي: | |
|---|---|
| التنسيق: | كتاب |
| اللغة: | Spanish |
| الوسوم: |
إضافة وسم
لا توجد وسوم, كن أول من يضع وسما على هذه التسجيلة!
|
MARC
| LEADER | 00000nam a22000007a 4500 | ||
|---|---|---|---|
| 003 | cru CIDCACS/IIS | ||
| 005 | 20190123155243.0 | ||
| 007 | ta | ||
| 008 | 190123s2012 cr |||p|r||||||0| ||spa|d | ||
| 999 | |c 42108 |d 42108 | ||
| 040 | |c cru CIDCACS/IIS | ||
| 100 | 1 | |9 8276 |a Palma Rojas, Lauren | |
| 245 | 1 | 4 | |a Las reformas fiscales tributarias, una breve mirada de su repercusión sobre las mujeres / |c Lauren Palma Rojas |
| 300 | |a páginas 4-8: |b foto | ||
| 942 | |2 ddc |c PP | ||
| 773 | 0 | |0 42103 |9 2613 |d San José, Costa Rica: INAMU |o 18273 |t Revista Olimpia / |x 16592654 | |
